000
00266nam a22001217a 4500
008
181016b xxu||||| |||| 00| 0 eng d
041
_a
eng
080
_a
330
100
_a
52
101
_a
EKO
245
_a
Marx and Modern Economics
_c
Horowitz,D
942
_2
udc
_c
BK
999
_c
49814
_d
49814